Statistiques concernant Géographie par lettre - W

Cliquez ici pour prendre le quiz!

Statistiques générales

  • Ce quiz a été pris 15 151 fois
  • Le résultat moyen est 11 sur 20

Statistiques - réponses

allusionréponse% Correct
Capitale des États-UnisWashington
100%
Pays de Galles en anglaisWales
86%
Où Napoléon rencontra sa défaite finaleWaterloo
86%
Rue qui est le centre financier de New YorkWall Street
83%
Un tournoi de tennis dans la banlieue de LondresWimbledon
81%
Région francophone de la BelgiqueWallonie
78%
Nom allemand de VienneWien
74%
Capitale océanienne la plus méridionale au mondeWellington
67%
Nom de famille chinois le plus courantWáng
65%
État des États-Unis le moins peupléWyoming
65%
Le plus grand stade sportif d'AngleterreWembley
53%
Meghan et le prince Harry se sont mariés dans le château de cette ville anglaiseWindsor
45%
La plus grande ville de NamibieWindhoek
42%
La plus grande ville chinoise "W", sur le YangtséWuhan
42%
Capitale du ManitobaWinnipeg
29%
La plage la plus célèbre d'Honolulu Waikiki
23%
La capitale de Curaçao, du nom du roi hollandais Willem?Willemstad
14%
Situé à la frontière franco-belge, près de LilleWattrelos
8%
Ville irlandaise célèbre pour le cristalWaterford
7%
Principale base militaire américaine près de Francfort et de MayenceWiesbaden
6%

Distribution des résultats

Percentile par nombre de réponses

% des personnes avec chaque résultat

Votre développement - résultats

Vous n’avez pas pris ce quiz